000 00306nam a22001337a 4500
008 170412b xxu||||| |||| 00| 0 eng d
020 _a9780071372152
041 _aeng
080 _221 ED
_a618
100 _a10
101 _aSHM
245 _aWILLIAMS MANUAL OBSTETRICS
_cLAVENA.K.J
942 _2udc
_cBK
999 _c10581
_d10581